Responses for show #1177 - Tuesday, October 17, 1989

Ed Toutant game 1.

Contestants

[<< previous game]

Patty Meagher, a waitress from Chicago, Illinois

Ed Toutant, an engineer from Austin, Texas

Stacie Macias, a homemaker from Lake Elsinore, California (whose 3-day cash winnings total $34,200)

[next game >>]

Jeopardy! Round responses

WORLD LEADERS
"P"s & "Q"s
BASEBALL
FASHION
DALLAS
(Alex: The television series)
TEXAS
    $100 11
Margaret Thatcher

Stacie
    $100 4
Stan Musial

Ed
    $100 3
Johnny Carson

Ed
    $100 1
Bobby Ewing

Stacie
    $100 16
Dallas & Fort Worth

Ed
    $200 12
Manuel Noriega

Ed
    $200 5
Cy Young

Patty
    $200 6
sarong

Patty
    $200 2
Miss Ellie

Patty
    $700 17
(Alex: Ed, it seems as if you're lucky today. You hit on BASEBALL as a category that was very much to your liking, and now you've got TEXAS. How much do you want to risk on this Daily Double?)
(Ed: The Senators moved to Texas, I believe... Maybe they didn't. I'll take the whole thing. $700.)

president of the Republic of Texas

Ed
    $300 19
Ho Chi Minh

Ed
    $300 24
Poseidon

Patty
    $300 13
Richard Nixon

Ed
    $300 7
knickerbockers

Stacie
    $300 8
(Stacie: What is "Who killed J.R.?")
(Alex: Yes.)
(Stacie: I'll take DALLAS for $400.)
(Alex: No, sorry, that is incorrect, corrected there by our judges.)
(Patty: Who, um, [*])
(Alex: Yes, he was shot but not killed.)

Who shot J.R.?

StaciePatty
    $300 18
the Texas Rangers

Patty
    $400 22
(Alex: We have a minute left in the round.)

Idi Amin

Patty
    $400 26
pinking shears

Patty
    $400 14
Casey Stengel (of the Yankees)

Ed
    $400 9
(Patty: What is an Edinburgh?)

an Inverness

Patty
Triple Stumper
    $400 20
Padre Island

Ed
    $500 23
Simón Bolívar

Ed
    $500 25
(Ed: What is palmistry? [interrupted by the time's up beeps.])

palmistry or palm reading

Ed
Triple Stumper
    $500 15
(Ed: Who are the St. Louis Browns?)
---
(Alex: We talked about this baseball team on the program about a week or a week and a half ago. Who are [*]?)

the Washington Senators

Ed
Triple Stumper
    $500 10
Yves Saint Laurent

Triple Stumper
    $500 21
(Ed: Who is Phil Gramm?)
(Stacie: Who is Benson?)
---
(Alex: Former Governor of Texas [*].)

John Connally

StacieEd
Triple Stumper

Scores at the first commercial break (after clue 15):

Stacie Ed Patty
$200 $600 $500

Scores at the end of the Jeopardy! Round:

Stacie Ed Patty
-$300 $1,600 $1,900

Double Jeopardy! Round responses

AMERICAN LITERATURE
COMPOSERS
SPANISH HISTORY
FILMS OF THE '40s
HERBS & SPICES
WOMAN IN SPACE
    $200 21
the Mississippi

Patty
    $200 7
France

Stacie
    $200 1
(Stacie: Who are "David & Bathsheba"?)

Samson & Delilah

StacieEd
    $200 22
rosemary

Ed
    $200 2
(Patty: What is Disneyworld?)

Disneyland

EdPatty
    $400 18
James Michener

Stacie
    $400 9
the Moors

Stacie
    $400 8
Ronald Reagan

Ed
    $400 17
curry

Stacie
    $400 3
a medical doctor

Ed
    $600 11
Kansas

Patty
    $600 26
Duke Ellington

Stacie
    $600 23
the Bourbon dynasty

Triple Stumper
    $600 10
Greer Garson

Patty
    $600 14
tarragon

Patty
    $600 4
Valentina Tereshkova

Ed
    $800 12
(Ed: What is "Sunset Blvd."?)

The Day of the Locust

Ed
Triple Stumper
    $800 27
Jerome Kern

Ed
    $1,200 24
(Alex: And we have less than a minute to go in the round.)

Florida

Ed
    $800 19
(Patty: What is "National Velvet"?)

My Friend Flicka (or Lassie Come Home or Thunderhead, Son of Flicka)

StaciePatty
    $800 15
caraway

Patty
    $800 5
Judith Resnik

Triple Stumper
    $1000 13
(Patty: What is, ah, [*]?)
(Alex: "A [*]" or "The [*]", we'll accept either one.)

Member of the Wedding

Patty
    $1000 28
Stravinsky

Ed
    $1000 25
Joseph Bonaparte

Triple Stumper
    $1000 20
The Ox-Bow Incident

Stacie
    $1000 16
(Ed: What is sassafras tea?)

chamomile tea

EdPatty
    $1,000 6
(Alex: Before we get into this Daily Double, I just want to point out that you have continually identified this category as "Women in Space". I should point out that it is "Woman in Space".)

take a walk in space

Ed

Scores at the end of the Double Jeopardy! Round:

Stacie Ed Patty
$3,300 $5,800 $5,700

[wagering suggestions for these scores]

Final Jeopardy! Round responses

THE UNITED NATIONS
StacieWhat is Spain?
$0
PattyWhat is Poland?
$5,700
EdWhat is Switzerland?
$5,601
Switzerland

Final scores:

Stacie Ed Patty
$3,300 $11,401 $0
2nd place: Broyhill bedroom set & Stiffel lamp New champion: $11,401 3rd place: Maytag dishwasher

Game dynamics:

Coryat scores:

Stacie Ed Patty
$3,300 $4,900 $5,700
10 R,
3 W
20 R
(including 3 DDs),
5 W
15 R,
3 W

Combined Coryat: $13,900

The J! Archive is created by fans, for fans. The Jeopardy! game show and all elements thereof, including but not limited to copyright and trademark thereto, are the property of Jeopardy Productions, Inc. and are protected under law. This website is not affiliated with, sponsored by, or operated by Jeopardy Productions, Inc. Join the discussion at JBoard.tv.